000 01068nam a2200265 i 4500
001 169896
003 ES-MaACL
005 20250812062544.0
008 081216s1965 sp |||| | spa d
017 _aM 18.933-1965
080 _a001:32(46)
100 1 _aLarroque, Enrique.
_970360
245 1 3 _aLa ciencia como plataforma de España /
_cEnrique Larroque.
260 _aMadrid :
_bRialp,
_c1965 (
_fGráf. Nebrija)
300 _a65 p., [2] h. ;
_c19 cm.
490 1 _aColección "O crece o muere"
_v185
_9183476
500 _a"Este trabajo desarrolla, en el plano de la política científica concreta, las teorías expuestas por el autor en otras publicaciones; los datos que contiene provienen...de los estudios efectuados...en...la O.C.D.E."
610 2 4 _aAteneo de Madrid-
_vConferencias-
_y1940-1982.
_91908
651 4 _aEspaña-
_xPolítica científica.
_98397
830 0 _aColección "O crece o muere"
_v185
_9183476
852 4 _aES-MaACL
_j2244-F-7
_cDEPOF
942 _2udc
_cFOLLETOS
_n0
999 _c169896
_d169896